The State of martial rule (Record no. 593142)

000 -LEADER
fixed length control field 00700nam a2200217Ia 4500
003 - CONTROL NUMBER IDENTIFIER
control field NUST
005 - DATE AND TIME OF LATEST TRANSACTION
control field 20230207100350.0
008 - FIXED-LENGTH DATA ELEMENTS--GENERAL INFORMATION
fixed length control field 230207b ||||| |||| 00| 0 eng d
020 ## - INTERNATIONAL STANDARD BOOK NUMBER
International Standard Book Number 9780521051842(pb)
082 ## - DEWEY DECIMAL CLASSIFICATION NUMBER
Classification number 954.904
Author Mark JAL
100 ## - MAIN ENTRY--PERSONAL NAME
Personal name Ayesha Jalal
9 (RLIN) 9441
245 ## - TITLE STATEMENT
Title The State of martial rule
Remainder of title the origins of Pakistan's political economy of defence
Statement of responsibility, etc. Ayesha Jalal
260 ## - PUBLICATION, DISTRIBUTION, ETC.
Place of publication, distribution, etc. New York
Name of publisher, distributor, etc. Cambridge University press
Date of publication, distribution, etc. 1990
300 ## - PHYSICAL DESCRIPTION
Extent 362p
526 ## - STUDY PROGRAM INFORMATION NOTE
Program name 0
Interest level 0
Reading level 0
Title point value 954_904500000000000_JAL
650 ## - SUBJECT ADDED ENTRY--TOPICAL TERM
Topical term or geographic name entry element NUST
9 (RLIN) 6342
650 ## - SUBJECT ADDED ENTRY--TOPICAL TERM
Topical term or geographic name entry element Pakistan -- Economic Conditions
9 (RLIN) 46438
650 ## - SUBJECT ADDED ENTRY--TOPICAL TERM
Topical term or geographic name entry element Pakistan -- Politics and Government
9 (RLIN) 37702
650 ## - SUBJECT ADDED ENTRY--TOPICAL TERM
Topical term or geographic name entry element Pakistan Defence
9 (RLIN) 46439
942 ## - ADDED ENTRY ELEMENTS (KOHA)
Source of classification or shelving scheme
Koha item type Book
Holdings
Withdrawn status Lost status Source of classification or shelving scheme Damaged status Not for loan Permanent Location Current Location Shelving location Date acquired Total Checkouts Full call number Barcode Date last seen Price effective from Koha item type
          Centre for International Peace & Stability (CIPS) Centre for International Peace & Stability (CIPS) General Stacks 02/07/2022   954.904 JAL CIPS0002915 02/07/2023 02/07/2023 Book
© 2023 Central Library, National University of Sciences and Technology. All Rights Reserved.